000
00286nam a2200097Ia 4500
001
1223077
005
20250827092900.0
008
250824s9999 xx 000 0 und d
245
0
_a
NASRETTİN HOCA FIKRALARI BİLMECELER VE TEKERLEMELER
_c
AYŞE ŞENGÜL
260
_b
MAVİ ÇOCUK YAYINEVİ
999
_c
1223077
_d
1223077